| 000 | 03322cam a22006134i 4500 | ||
|---|---|---|---|
| 003 | PE-LiUPU | ||
| 005 | 20250731173111.0 | ||
| 008 | 181226s2018 miu rb 001 0 eng d | ||
| 020 |
_a0801048567 _q(volumen 1) |
||
| 020 |
_a9780801048562 _q(volumen 1) |
||
| 020 |
_a0801048567 _q(volumen 2) |
||
| 020 |
_a9780801048562 _q(volumen 2) |
||
| 035 | _a(Sirsi) a251148 | ||
| 040 |
_aPE-LiUPU _bspa _cPE-LiUPU _erda |
||
| 082 | 0 | 4 |
_a234 _bM12 _223 |
| 100 | 1 |
_aMcClymond, Michael J., _d1958-, _eautor. |
|
| 245 | 1 | 4 |
_aThe Devil's redemption : _ba new history and interpretation of Christian universalism / _cMichael J. McClymond. |
| 264 | 1 |
_aGrand Rapids : _bBaker Academic, a division of Baker Publishing Group, _c[2018]. |
|
| 300 |
_a2 volumenes ; _c24 centímetros |
||
| 336 |
_atext _2rdacontent |
||
| 337 |
_aunmediated _2rdamedia |
||
| 338 |
_avolume _2rdacarrier |
||
| 504 | _aBibliografía: páginas 1181-1272. | ||
| 504 | _aÍndice: páginas 1273-1325. | ||
| 505 | 0 | _aVolume 1: Introduction -- Final salvation: church teachings and newer views -- Ancient afterlives: the Gnostic, Kabbalist, and esoteric Roots of Christian universalism -- "The end is like the beginning": Origen and Origenism, 200-410 CE -- "That God may be all in all": Origen and Origenism, 410-1700 CE -- "In yes and no all things consist": the theosophic world of Jakob Böhme and the Böhmists of Germany, England, America, France, and Russia -- A house divided: the rise and fall of the Anglo-American universalists. | |
| 505 | 0 | _aVolume 2: German thinkers: Kant and Müller, Schleiermacher and Hegel, Schelling and Tillich -- Russian thinkers: Solovyov, Berdyaev, Florovsky, and Bulgakov -- Debating universal election: Karl Barth, Barth's interpreters, Jürgen Moltmann, and the post-1970s kenotic-relational theologies -- Embracing universal hope: Karl Rahner, Hans Urs von Balthasar, and the inclusivist, plurocentrist, and universalist turns in Roman Catholicism -- New theologies in the new millennium: the variety of contemporary universalisms -- The eclipse of grace: an appraisal of Christian universalism. | |
| 526 | _aSEG42 | ||
| 526 | _aSEG41 | ||
| 526 | _aSEG40 | ||
| 526 | _aSEG39 | ||
| 526 | _aP94 | ||
| 526 | _aP87 | ||
| 526 | _aP86 | ||
| 526 | _aP85 | ||
| 526 | _aP77 | ||
| 526 | _aP76 | ||
| 526 | _aP35 | ||
| 650 | 4 | _aLa salvación después de la muerte. | |
| 650 | 0 |
_aSalvación _x Iglesia católica. |
|
| 650 | 0 |
_aSalvación _xCristianismo _xHistoria de las doctrinas. |
|
| 650 | 0 |
_aSalvación _xIslam. |
|
| 650 | 0 |
_aSalvación _xjudaísmo. |
|
| 650 | 0 |
_aSalvación _xIglesia Mormona. |
|
| 650 | 4 | _aEl universalismo. | |
| 650 | 4 | _aSalvación después de la muerte. | |
| 650 | 0 |
_aSalvación _xcristianismo. |
|
| 910 |
_adbm _brri _crri _d20181226 |
||
| 942 |
_2ddc _cBOOK |
||
| 994 |
_aC0 _bPEPRU |
||
| 596 | _a1 | ||
| 999 |
_a234 M12 Z1 _wDEWEY _c30595 _i79388 _f2021-11-10 _g4 _lCCODEBUL1 _mBUL _p27.00 _r0 _sY _tBOOK _u2018-12-26 _xTEOLOGIA _PP85 _0COMPRA _1FCOMPR2 _o.STAFF. Colección Teología _d30595 |
||
| 999 |
_a234 M12 Z2 _wDEWEY _c1 _i79389 _f2021-11-10 _g4 _lCCODEBUL1 _mBUL _p27.00 _r0 _sY _tBOOK _u2018-12-26 _xTEOLOGIA _PP85 _0COMPRA _1FCOMPR2 _o.STAFF. Colección Teología |
||
| 980 |
_81 _gALBERTO SANCHEZ Responsable de Automatización |
||